Threat of modern warfare to man and his environment : an annotated bibliography prepared under the auspices of the International Peace Research Association /

Bibliographic Details
Main Author: Westing, Arthur H.
Corporate Author: International Peace Research Association
Other Authors: Lumsden, Malvern
Format: Book
Language:English
Published: Paris : Unesco, 1979.
Series:Reports and papers in the social sciences ; no. 40.
Subjects:

MARC

Tag First Indicator Second Indicator Subfields
LEADER 00000cam a2200000 a 4500
001 in00000076210
005 20151008060459.0
008 810112s1979 fr b 00010 engm
010 |a  80515210  
015 |a F*** 
020 |a 9231016083 
035 |a (OCoLC)07272325 
035 |9 AAJ5845AM 
040 |a DLC  |c DLC  |d m.c.  |d TXA  |d UtOrBLW 
049 |a TXAM  |c [1196430] 
050 0 0 |a H62  |b .U475 no. 40  |a Z6724.E75  |a U21.2 
090 |a H62  |b .U475 no.40 
100 1 |a Westing, Arthur H. 
245 1 0 |a Threat of modern warfare to man and his environment :  |b an annotated bibliography prepared under the auspices of the International Peace Research Association /  |c [by Arthur H. Westing and Malvern Lumsden]. 
264 1 |a Paris :  |b Unesco,  |c 1979. 
300 |a 25 pages ;  |c 27 cm. 
336 |a text  |b txt  |2 rdacontent 
337 |a unmediated  |b n  |2 rdamedia 
338 |a volume  |b nc  |2 rdacarrier 
490 1 |a Reports and papers in the social sciences ;  |v no. 40 
650 0 |a War  |x Environmental aspects  |x Bibliography. 
650 0 |a Human ecology  |v Bibliography. 
700 1 |a Lumsden, Malvern. 
710 2 |a International Peace Research Association. 
830 0 |a Reports and papers in the social sciences ;  |v no. 40. 
999 |a MARS 
999 f f |s b4833c59-6b4e-36c4-9ded-22d3eb6b9bf0  |i 77750986-e5fd-3a02-8323-885b7ea1a316  |t 0 
952 f f |p normal  |a Texas A&M University  |b College Station  |c Sterling C. Evans Library  |d Evans: Library Stacks  |t 0  |e H62 .U475 no.40  |h Library of Congress classification  |i unmediated -- volume  |m A14806118523 
998 f f |a H62 .U475 no.40  |t 0  |l Evans: Library Stacks